LEADER 02854oam 2200673I 450 001 9910461811503321 005 20200520144314.0 010 $a0-367-86694-3 010 $a0-429-25241-2 010 $a1-4398-9600-3 024 7 $a10.1201/b11880 035 $a(CKB)2670000000181617 035 $a(EBL)1186555 035 $a(OCoLC)783859506 035 $a(SSID)ssj0000651691 035 $a(PQKBManifestationID)11363909 035 $a(PQKBTitleCode)TC0000651691 035 $a(PQKBWorkID)10621820 035 $a(PQKB)11641536 035 $a(MiAaPQ)EBC1186555 035 $a(Au-PeEL)EBL1186555 035 $a(CaPaEBR)ebr10546107 035 $a(CaONFJC)MIL692910 035 $a(EXLCZ)992670000000181617 100 $a20180331d2012 uy 0 101 0 $aeng 135 $aur|n|---||||| 181 $ctxt 182 $cc 183 $acr 200 10$aPolice integrity management in Australia $eglobal lessons for combating police misconduct /$fLouise Porter, Tim Prenzler 210 1$aBoca Raton, Fla. :$cCRC Press,$d2012. 215 $a1 online resource (277 p.) 225 1 $aAdvances in police theory and practice ;$v12 300 $aDescription based upon print version of record. 311 $a1-4665-5905-5 311 $a1-322-61628-0 311 $a1-4398-9598-8 320 $aIncludes bibliographical references and index. 327 $aPreface -- Introduction : police misconduct and integrity, international and Australian perspectives -- Commonwealth -- New South Wales -- Northern Territory -- Queensland -- South Australia -- Tasmania -- Victoria. 330 $aIn the past two decades, Australia has been the site of major police misconduct scandals and inquiries, leading to reform initiatives at the cutting edge of police integrity management practices. Presenting interviews with key informants and an analysis of key documents, Police Integrity Management in Australia: Global Lessons for Combating Police Misconduct offers a comprehensive study, conducted from 2008 to 2010, of strategies and systems in Australia. Providing a rare overview and critique of a full suite of policies, institutions, and programs adopted to 410 0$aAdvances in police theory and practice series ;$v12. 606 $aPolice administration$zAustralia 606 $aPolice corruption$zAustralia$xPrevention 606 $aPolice ethics$zAustralia 608 $aElectronic books. 615 0$aPolice administration 615 0$aPolice corruption$xPrevention. 615 0$aPolice ethics 676 $a363.2/2 700 $aPorter$b Louise.$0928388 701 $aPrenzler$b Tim$0890000 801 0$bMiAaPQ 801 1$bMiAaPQ 801 2$bMiAaPQ 906 $aBOOK 912 $a9910461811503321 996 $aPolice integrity management in Australia$92086620 997 $aUNINA LEADER 04071oas 2201441 a 450 001 9910135383503321 005 20260218111738.0 011 $a1522-1059 035 $a(DE-599)ZDB2045715-7 035 $a(OCoLC)40102592 035 $a(CONSER)sn 98001309 035 $a(CKB)110984073530300 035 $a(DE-599)2045715-7 035 $a(EXLCZ)99110984073530300 100 $a19981013b19982004 sy a 101 0 $aeng 135 $aurcnu|||||||| 181 $ctxt$2rdacontent 182 $cc$2rdamedia 183 $acr$2rdacarrier 200 00$aAAPS PharmSci 210 $aAlexandria, VA $cAmerican Association of Pharmaceutical Scientists$d[1999?]-2004 300 $aTitle from journal home page (publisher's Web site, viewed May 11, 2004). 517 3 $aAmerican Association of Pharmaceutical Scientists PharmSci 517 3 $aPharmSci 531 0 $aAAPS PharmSci 606 $aDrug delivery systems$vPeriodicals 606 $aPharmaceutical technology$vPeriodicals 606 $aDrugs$xAdministration$vPeriodicals 606 $aDrugs 606 $aChemotherapy 606 $aPharmaceutical technology 606 $aPharmaceutical Preparations 606 $aDrug Therapy 606 $aTechnology, Pharmaceutical 606 $aMe?dicaments$xAdministration$xDispositifs$vPe?riodiques 606 $aTechniques pharmaceutiques$vPe?riodiques 606 $aMe?dicaments$xAdministration$vPe?riodiques 606 $aSyste?mes d'administration de me?dicaments$vPe?riodiques 606 $aMe?dicaments 606 $aChimiothe?rapie 606 $aTechniques pharmaceutiques 606 $a44.42 pharmacy, pharmaceuticals$2bcl 606 $aDrugs$2fast$3(OCoLC)fst00898761 606 $aChemotherapy$2fast$3(OCoLC)fst00853595 606 $aDrug delivery systems$2fast$3(OCoLC)fst00898667 606 $aDrugs$xAdministration$2fast$3(OCoLC)fst00898763 606 $aPharmaceutical technology$2fast$3(OCoLC)fst01060211 608 $aPeriodical. 608 $aFulltext. 608 $aInternet Resources. 608 $aPeriodicals. 608 $aPeriodicals.$2fast 615 0$aDrug delivery systems 615 0$aPharmaceutical technology 615 0$aDrugs$xAdministration 615 0$aDrugs. 615 0$aChemotherapy. 615 0$aPharmaceutical technology. 615 12$aPharmaceutical Preparations. 615 22$aDrug Therapy. 615 22$aTechnology, Pharmaceutical. 615 6$aMe?dicaments$xAdministration$xDispositifs 615 6$aTechniques pharmaceutiques 615 6$aMe?dicaments$xAdministration 615 6$aSyste?mes d'administration de me?dicaments 615 6$aMe?dicaments. 615 6$aChimiothe?rapie. 615 6$aTechniques pharmaceutiques. 615 7$a44.42 pharmacy, pharmaceuticals. 615 7$aDrugs. 615 7$aChemotherapy. 615 7$aDrug delivery systems. 615 7$aDrugs$xAdministration. 615 7$aPharmaceutical technology. 676 $a615 712 02$aAmerican Association of Pharmaceutical Scientists 801 0$bNSD 801 1$bNSD 801 2$bEYM 801 2$bCAS 801 2$bNLM 801 2$bCAS 801 2$bNSD 801 2$bNLM 801 2$bOCLCQ 801 2$bORE 801 2$bCGU 801 2$bDLC 801 2$bOCLCQ 801 2$bORE 801 2$bNSD 801 2$bMUQ 801 2$bOCLCQ 801 2$bOCLCO 801 2$bCUS 801 2$bCUV 801 2$bOCLCF 801 2$bOCLCO 801 2$bOCLCQ 801 2$bOCLCO 801 2$bOCLCQ 801 2$bCASUM 801 2$bOCLCO 801 2$bOCLCA 801 2$bLIP 801 2$bOCLCA 801 2$bOCLCQ 801 2$bAU@ 801 2$bOCLCA 801 2$bOCLCQ 801 2$bBWN 801 2$bOCLCQ 801 2$bOCLCO 801 2$bOCLCQ 801 2$bOCL 801 2$bAUD 801 2$bOCLCL 801 2$bOCLCQ 906 $aJOURNAL 912 $a9910135383503321 996 $aAAPS PharmSci$92175229 997 $aUNINA